| 000 | 00534nam a2200181Ia 4500 | ||
|---|---|---|---|
| 003 | GCL | ||
| 008 | 140319s9999 xx 000 0 ara d | ||
| 040 |
_aGCL / _cGCL |
||
| 082 | 0 | 4 |
_a819.9 _bع د |
| 100 | 1 | _aعباس محمود العقاد | |
| 245 | 1 | 0 |
_a"داعى السماء بلاب بن رباح ""مؤذن الرسول""" / _cعباس محمود العقاد |
| 700 | 1 | _aعباس محمود | |
| 300 | _a142 | ||
| 490 |
_aكتاب _v0 |
||
| 650 | 0 | 4 | _aالاسلام |
| 650 | 0 | 4 | _aبلال بن رباح |
| 942 |
_2ddc _cBK |
||
| 999 |
_c43181 _d43181 |
||